Prajna Vol No IX (Record no. 1501)

MARC details
000 -LEADER
fixed length control field 00291nam a22001097a 4500
008 - FIXED-LENGTH DATA ELEMENTS--GENERAL INFORMATION
fixed length control field 260601b |||||||| |||| 00| 0 eng d
100 ## - MAIN ENTRY--PERSONAL NAME
Personal name Poorna Prajna Samshodhan Trust
245 ## - TITLE STATEMENT
Title Prajna Vol No IX
260 ## - PUBLICATION, DISTRIBUTION, ETC.
Place of publication, distribution, etc. Bangalore
Name of publisher, distributor, etc. Poorna Prajna Samshodhan Trust
Date of publication, distribution, etc. 2014
300 ## - PHYSICAL DESCRIPTION
Extent 154p
942 ## - ADDED ENTRY ELEMENTS (KOHA)
Source of classification or shelving scheme Dewey Decimal Classification
Holdings
Withdrawn status Lost status Source of classification or shelving scheme Damaged status Not for loan Home library Current library Shelving location Date acquired Source of acquisition Inventory number Total Checkouts Full call number Barcode Date last seen Price effective from Koha item type
    Dewey Decimal Classification     Karnataka Samskrit University Library Karnataka Samskrit University Library General Stacks 03/06/2025 Poornaprajna Samshodhana Mandiram 12237   001926 001926 06/01/2026 06/01/2026 Books

Powered by Koha